[Event "Napoli Vomero op 3rd"]
[Site "Napoli"]
[Date "2009.05.21"]
[Round "3"]
[White "Ficco, Corrado"]
[Black "Sorrentino, Michele"]
[Result "1-0"]
[WhiteElo "2163"]
[BlackElo "2023"]
[PlyCount "101"]
[EventDate "2009.05.07"]
[EventType "swiss"]
[EventRounds "6"]
[EventCountry "ITA"]
[SourceTitle "EXT 2011"]
[Source "ChessBase"]
[SourceDate "2010.11.26"]
[SourceVersion "1"]
[SourceVersionDate "2010.11.26"]
[SourceQuality "1"]

1. c4 Nf6 2. Nf3 e6 3. g3 d5 4. Bg2 Bd7 5. 0-0 Bd6 6. d4 0-0 7. c5 Be7 8. Nc3 Na6 9. a3 c6 10. Ne5 Be8 11. b4 Nc7 12. Qc2 Nd7 13. Nd3 f6 14. f4 Bg6 15. Qd2 Bxd3 16. exd3 e5 17. Bb2 exf4 18. Qxf4 Ne6 19. Qf2 Ng5 20. h4 Nf7 21. Bh3 Re8 22. Rae1 Bf8 23. Rxe8 Qxe8 24. Re1 Qd8 25. Be6 Be7 26. Qe3 Kf8 27. Bxd5 Nxc5 28. dxc5 cxd5 29. Nxd5 Ne5 30. Nf4 Qd7 31. Bxe5 fxe5 32. Qxe5 Bf6 33. Qe4 g6 34. d4 Qxd4+ 35. Qxd4 Bxd4+ 36. Kg2 Bb2 37. Re3 Re8 38. Rb3 Bc1 39. Kf3 Kf7 40. a4 Rc8 41. Rc3 Bd2 42. Rc4 Rd8 43. b5 Rc8 44. Kg4 Be3 45. c6 bxc6 46. bxc6 Bxf4 47. Kxf4 Rc7 48. Ke5 Ke7 49. Kd5 Kd8 50. Rf4 Rg7 51. Kd6 1-0

[Event "Napoli Vomero op 3rd"]
[Site "Napoli"]
[Date "2009.05.07"]
[Round "1"]
[White "Borrelli, Salvatore"]
[Black "Sorrentino, Michele"]
[Result "0-1"]
[WhiteElo "1770"]
[BlackElo "2023"]
[PlyCount "72"]
[EventDate "2009.05.07"]
[EventType "swiss"]
[EventRounds "6"]
[EventCountry "ITA"]
[SourceTitle "EXT 2011"]
[Source "ChessBase"]
[SourceDate "2010.11.26"]
[SourceVersion "1"]
[SourceVersionDate "2010.11.26"]
[SourceQuality "1"]

1. d4 Nf6 2. Bf4 d6 3. e3 Nbd7 4. Nf3 c5 5. c3 g6 6. Be2 Bg7 7. 0-0 0-0 8. h3 b6 9. Nbd2 Bb7 10. a4 a6 11. Bc4 Qc7 12. Qb3 h6 13. d5 b5 14. axb5 axb5 15. Bxb5 Bxd5 16. c4 Bb7 17. Qc2 e5 18. Bh2 e4 19. Rxa8 Rxa8 20. Ne1 Nb8 21. Nb1 Na6 22. Bxa6 Bxa6 23. Na3 Rb8 24. Qd2 Ne8 25. Nb5 Bxb5 26. cxb5 Rxb5 27. Qd5 Qb7 28. Qxb7 Rxb7 29. Nc2 Rxb2 30. Na3 d5 31. Rd1 Ra2 32. Nb5 Ra5 33. Rb1 Ra1 34. Rxa1 Bxa1 35. Kf1 d4 36. exd4 cxd4 0-1

[Event "Napoli Vomero Primavera op 6th"]
[Site "Napoli"]
[Date "2009.03.12"]
[Round "1"]
[White "Donzella, Emanuele"]
[Black "Sorrentino, Michele"]
[Result "0-1"]
[WhiteElo "1673"]
[BlackElo "2026"]
[PlyCount "68"]
[EventDate "2009.03.12"]
[EventType "swiss"]
[EventRounds "7"]
[EventCountry "ITA"]
[SourceTitle "EXT 2011"]
[Source "ChessBase"]
[SourceDate "2010.11.26"]
[SourceVersion "1"]
[SourceVersionDate "2010.11.26"]
[SourceQuality "1"]

1. e4 d6 2. d4 Nf6 3. Nc3 Nbd7 4. f4 Nb6 5. Nf3 g6 6. Bd3 Bg7 7. h3 c6 8. Qe2 Qc7 9. Be3 Bd7 10. Bg1 0-0 11. Bh2 Rae8 12. 0-0-0 a5 13. g4 Bc8 14. Rhf1 Nfd7 15. f5 e5 16. fxe6 Rxe6 17. Kb1 Nf6 18. Qg2 Qd8 19. Ng5 Re7 20. d5 h6 21. Nf3 cxd5 22. e5 Ne8 23. exd6 Nxd6 24. Nb5 Ndc4 25. Bg1 Nxb2 26. Rde1 Rxe1+ 27. Nxe1 N6a4 28. Qd2 Bd7 29. Nd4 Qb6 30. Nb3 d4 31. Qxa5 Qd6 32. Qd2 Qa3 33. Nxd4 Nc3+ 34. Kc1 Nxd3# 0-1

[Event "Napoli Vomero Inverno op 4th"]
[Site "Napoli"]
[Date "2009.01.15"]
[Round "2"]
[White "Sorrentino, Michele"]
[Black "Parente, Giuseppe"]
[Result "1-0"]
[WhiteElo "2026"]
[BlackElo "1515"]
[PlyCount "39"]
[EventDate "2009.01.08"]
[EventType "swiss"]
[EventRounds "7"]
[EventCountry "ITA"]
[SourceTitle "EXT 2011"]
[Source "ChessBase"]
[SourceDate "2010.11.26"]
[SourceVersion "1"]
[SourceVersionDate "2010.11.26"]
[SourceQuality "1"]

1. Nf3 Nf6 2. d4 d5 3. Bf4 c6 4. h3 Bf5 5. Nbd2 h6 6. e3 e6 7. Be2 Be7 8. 0-0 0-0 9. c4 c5 10. Rc1 dxc4 11. Bxc4 b6 12. Re1 Bg6 13. Ne5 Bh7 14. Qf3 Nd5 15. Nb3 Nc7 16. dxc5 b5 17. Bxb5 a6 18. Nc6 Nxc6 19. Bxc6 Qc8 20. Bxc7 1-0

[Event "Napoli Vomero Settembre op 5th"]
[Site "Napoli"]
[Date "2008.10.30"]
[Round "5"]
[White "La Gatta, Giovanni"]
[Black "Sorrentino, Michele"]
[Result "1-0"]
[WhiteElo "2109"]
[BlackElo "2039"]
[PlyCount "53"]
[EventDate "2008.10.02"]
[EventType "swiss"]
[EventRounds "5"]
[EventCountry "ITA"]
[SourceTitle "EXT 2011"]
[Source "ChessBase"]
[SourceDate "2010.11.26"]
[SourceVersion "1"]
[SourceVersionDate "2010.11.26"]
[SourceQuality "1"]

1. d4 Nf6 2. c4 d6 3. Nc3 g6 4. e4 Bg7 5. f3 0-0 6. Bg5 c6 7. Qd2 Re8 8. Nge2 e5 9. d5 c5 10. g4 a6 11. Ng3 Bd7 12. a4 Qa5 13. Ra3 Rc8 14. h4 Qd8 15. h5 Qf8 16. Be3 Be8 17. Qh2 Nbd7 18. g5 Nxh5 19. Nxh5 gxh5 20. Qxh5 Qe7 21. Qxh7+ Kf8 22. Bh3 Rcb8 23. Bf5 Nb6 24. b3 Bd7 25. Ra2 f6 26. g6 Qd8 27. Bh6 1-0

[Event "Napoli Vomero Settembre op 5th"]
[Site "Napoli"]
[Date "2008.10.09"]
[Round "2"]
[White "Sorrentino, Michele"]
[Black "Esposito, Rosario"]
[Result "1/2-1/2"]
[WhiteElo "2039"]
[BlackElo "1869"]
[PlyCount "74"]
[EventDate "2008.10.02"]
[EventType "swiss"]
[EventRounds "5"]
[EventCountry "ITA"]
[SourceTitle "EXT 2011"]
[Source "ChessBase"]
[SourceDate "2010.11.26"]
[SourceVersion "1"]
[SourceVersionDate "2010.11.26"]
[SourceQuality "1"]

1. Nf3 Nf6 2. d4 g6 3. Nbd2 Bg7 4. e4 d6 5. Bc4 0-0 6. 0-0 Nc6 7. c3 a6 8. a4 Bd7 9. Qc2 Na5 10. Ba2 b5 11. b4 Nb7 12. a5 c5 13. e5 Bf5 14. Qd1 dxe5 15. dxe5 Nd5 16. Qb3 c4 17. Nxc4 bxc4 18. Qxc4 e6 19. Qb3 Bd3 20. Re1 Rc8 21. Bb2 Bc4 22. Qa3 Bxa2 23. Rxa2 Qe7 24. Qb3 Rc7 25. Raa1 Rfc8 26. Rac1 Nd8 27. g3 Nc6 28. Ba3 Qe8 29. c4 Nde7 30. Qa4 Nf5 31. b5 Ncd4 32. Nxd4 Nxd4 33. Qd1 Nxb5 34. cxb5 Rxc1 35. Bxc1 Qxb5 36. Bd2 Rd8 37. Qc1 Bxe5 1/2-1/2

[Event "Napoli Vomero Primavera op 4th"]
[Site "Napoli"]
[Date "2007.04.19"]
[Round "5"]
[White "Sorrentino, Michele"]
[Black "Lombardo, Michele"]
[Result "0-1"]
[WhiteElo "2007"]
[BlackElo "1758"]
[PlyCount "62"]
[EventDate "2007.03.22"]
[EventType "swiss"]
[EventRounds "7"]
[EventCountry "ITA"]
[SourceTitle "EXT 2010"]
[Source "ChessBase"]
[SourceDate "2010.11.25"]
[SourceVersion "1"]
[SourceVersionDate "2010.11.25"]
[SourceQuality "1"]

1. d4 Nf6 2. Nf3 g6 3. Nc3 Bg7 4. Bg5 d6 5. e4 0-0 6. Qd2 Nbd7 7. Bd3 c5 8. dxc5 Nxc5 9. 0-0 a6 10. Rae1 b5 11. a3 Bb7 12. Bh6 e6 13. Bxg7 Kxg7 14. Qe3 Qc7 15. h3 Rad8 16. Rd1 d5 17. e5 Nfd7 18. Rfe1 Nb6 19. b3 Nxd3 20. cxd3 d4 21. Nxb5 axb5 22. Qg5 Bxf3 23. gxf3 Nd5 24. Rc1 Qa5 25. h4 Qxa3 26. h5 h6 27. Qg4 g5 28. Qe4 Nf4 29. Kh2 Qa8 30. Rc5 Qxe4 31. fxe4 Nxd3 0-1

[Event "Napoli Settembre al Vomero 3rd"]
[Site "Napoli"]
[Date "2006.10.19"]
[Round "6"]
[White "Rosato, Luciano"]
[Black "Sorrentino, Michele"]
[Result "1-0"]
[WhiteElo "2215"]
[BlackElo "1996"]
[PlyCount "79"]
[EventDate "2006.09.15"]
[EventType "swiss"]
[EventRounds "6"]
[EventCountry "ITA"]
[SourceTitle "EXT 2018"]
[Source "ChessBase"]
[SourceDate "2017.10.13"]
[SourceVersion "1"]
[SourceVersionDate "2017.10.13"]
[SourceQuality "1"]

1. d4 Nf6 2. c4 g6 3. Nc3 Bg7 4. e4 d6 5. Nf3 0-0 6. Be2 Nbd7 7. 0-0 e5 8. d5 Nc5 9. Qc2 a5 10. Be3 b6 11. a3 a4 12. Nd2 Bd7 13. b4 axb3 14. Nxb3 Nxb3 15. Qxb3 Ng4 16. Bxg4 Bxg4 17. f3 Bd7 18. a4 f5 19. Ra2 f4 20. Bd2 g5 21. Rfa1 g4 22. Be1 Qg5 23. Kh1 h5 24. Nb5 Rfc8 25. a5 gxf3 26. gxf3 Bh3 27. Qc2 Kh7 28. Bb4 bxa5 29. Rxa5 Rxa5 30. Bxa5 Bf6 31. Rg1 Qh6 32. Bxc7 Be7 33. c5 dxc5 34. Bxe5 Rg8 35. Rxg8 Kxg8 36. d6 Qg5 37. Qc4+ Kf8 38. dxe7+ Ke8 39. Nd6+ Kxe7 40. Qf7+ 1-0